000 00566cam a22002291 4500
001 sa 63001032
003 DLC
005 20260227111925.0
008 890906s1962 ii 000 0 hino
010 _asa 63001032
035 _a(OCoLC)20307154
040 _aDLC
_cWaU
_dDLC
042 _apremarc
043 _aa-ii---
050 0 0 _aHE271
_b.B515
100 1 _aBhatnagar, Kalka Prasad,
_d1896-
245 1 0 _aĀdhunika Bhārata meṃ parivahana.
260 _c[1962]
300 _a490 p.
_c23 cm.
500 _aIn Hindi.
650 0 _aTransportation
_zIndia.
999 _c53780
_d53780